Statistics for Most Popular Girl Names

Click here to take the quiz!

General Stats

  • This quiz has been taken 189 times
    (188 since last reset)
  • The average score is 7 of 15

Answer Stats

Hint Name % Correct
Starts with OOlivia
78%
Starts with EEmma
73%
Starts with IIsabella
72%
Starts with EEmily
65%
Starts with SSophia
54%
Starts with MMadison
49%
Starts with AAva
48%
Starts with CChloe
43%
Starts with EElla
41%
Starts with AAbigail
40%
Starts with LLily
40%
Starts with MMia
31%
Starts with AAddison
26%
Starts with HHailey
24%
Starts with MMadelyn
21%

Score Distribution

Percentile by Number Answered

Percent of People with Each Score

Your Score History

You have not taken this quiz since the last reset